000
002370000a22000970004500
100
1
_a
Llerena, Mario
245
1
0
_a
El mito que no muere
300
_a
Vol. 10, Núm 50 (1998), Páginas 30-31
773
0
_t
Impacto Presbiteriano
942
_c
ANA
999
_c
51084
_d
51084